000 00405nam a2200145 i 4500
001 bg
100 1 _aDART, Allan Kent
245 0 _aESL grammar handbook for intermediate to advanced students of English as a second laguage /
_cAllan Kent Dart.
260 _aEnglewood Ciffs,
_c1991.
040 _cBPK
041 _apol
080 _a802.0-5
942 _cKS
008 s pl f |000 0 pol
999 _c29537
_d29537
856 _uhttp://koha.tu.koszalin.pl/cgi-bin/koha/opac-detail.pl?biblionumber=29537
_yKatalog online BPK